000 00466nam a2200169 4500
001 116164
003 ES-MaACL
005 20230906190641.0
007 t|
008 061121s1942 sp r ||||1| spa d
100 0 _aParís Eguilaz, Higinio.
_989148
245 1 3 _aUn nuevo orden económico /
_cHiginio Paris Eguilaz.
250 _a2ª ed.
260 _aMadrid :
_bEditora Nacional,
_c1942.
300 _a327 p. ;
_c25 cm.
852 _aES-MaACL
_jF-15951
_bR.20559
999 _c116164
_d116164